|
|
|
|
| LEADER |
00000cam a2200000 7i4500 |
| 001 |
0000006263 |
| 002 |
000006761 |
| 005 |
20000330.0 |
| 020 |
|
|
|a 9837503351
|
| 090 |
0 |
0 |
|a J 500
|b ALA
|
| 245 |
0 |
0 |
|a Alam semesta
|c penterjemah T.Long
|
| 260 |
|
|
|a Petaling Jaya ,
|c Pan Earth ,
|c 1995
|
| 300 |
|
|
|a 123p. :
|b ill. ;
|c 21cm.
|
| 490 |
0 |
|
|a Alam sains muda
|
| 650 |
0 |
0 |
|a Science
|x Juvenile literature
|
| 999 |
|
|
|a 039113
|b BUKU
|c JUNIOR REFERENCE
|e PERPUSTAKAAN KOMUNITI PETALING JAYA
|
| 999 |
|
|
|a 039114
|b BUKU
|c PINJAMAN
|e PERPUSTAKAAN KOMUNITI PETALING JAYA
|
| 999 |
|
|
|a 039115
|b BUKU
|c PINJAMAN
|e PERPUSTAKAAN KOMUNITI PETALING JAYA
|